| 000 | 00357nam a2200121Ia 4500 | ||
|---|---|---|---|
| 008 | 210430s9999 xx 000 0 und d | ||
| 020 | _a978-81-203-4185-2 | ||
| 082 | _a620.1123 P8951T | ||
| 100 |
_aM.N.Shesha Prakash, G.S.Suresh _954714 |
||
| 245 |
_aTextbook of Mechanics of materials _cM.N.Shesha Prakash, G.S.Suresh |
||
| 300 | _a322 | ||
| 942 |
_cBK _2ddc |
||
| 999 |
_c565401 _d565401 |
||